GETS Theological Seminary Library

The King in His Beauty : (Record no. 49929)

MARC details
000 -LEADER
fixed length control field 00960nam a2200169Ia 4500
008 - FIXED-LENGTH DATA ELEMENTS--GENERAL INFORMATION
fixed length control field 231021s9999 xx 000 0 und d
020 ## - INTERNATIONAL STANDARD BOOK NUMBER
International Standard Book Number 97808010393930801039398
041 ## - LANGUAGE CODE
Language code of text/sound track or separate title eng
050 ## - LIBRARY OF CONGRESS CALL NUMBER
Classification number BS543
Item number .S386 2013
100 ## - MAIN ENTRY--PERSONAL NAME
Personal name Schreiner, Thomas R.
245 #4 - TITLE STATEMENT
Title The King in His Beauty :
Remainder of title A Biblical Theology of the Old and New Testaments /
Statement of responsibility, etc. Thomas R. Schreiner
260 ## - PUBLICATION, DISTRIBUTION, ETC.
Place of publication, distribution, etc. Grand Rapids, Michigan :
Name of publisher, distributor, etc. Baker Academic,
Date of publication, distribution, etc. 2013
300 ## - PHYSICAL DESCRIPTION
Extent xix, 714 p.
Other physical details ;
Dimensions 24 cm.
505 ## - FORMATTED CONTENTS NOTE
Formatted contents note Creation to the edge of Canaan -- The story of possession, exile, and return -- Israel's songs and wisdom -- Judgment and salvation in the prophets -- The kingdom in Matthew, Mark, and Luke-Acts -- Eternal life in the Gospel and Epistles of John -- The end of the ages has come accoring to the Apostle Paul -- Living in the last days according to the General Epistles -- The kingdom will come.
650 ## - SUBJECT ADDED ENTRY--TOPICAL TERM
Topical term or geographic name entry element Bible Theology.Bible Criticism, interpretation, etc..
Holdings
Withdrawn status Lost status Damaged status Use restrictions Not for loan Home library Current library Shelving location Date acquired Total Checkouts Full call number Barcode Date last seen Price effective from Koha item type
          GETS Theological Seminary Library GETS Theological Seminary Library   11/13/2023   BS543 .S386 2013 00031550 11/13/2023 11/13/2023 English Books
OpacCredits

Contact the Librarian, GETS Library
Email: library@mygets.org









Implemented by GETS Library
(Powered by ETCA Professional Group)
GETS Theological Seminary
412 E. Rowland Street, CA 91723